|
|
|
|
| LEADER |
00000cam a2200000 7i4500 |
| 001 |
0000005352 |
| 002 |
000005783 |
| 005 |
20000330.0 |
| 020 |
|
|
|a 0376023341
|
| 090 |
0 |
0 |
|a 641.5
|b COO
|
| 245 |
0 |
0 |
|a Cooking for two
|c illustrated by Mary Knowles, Sandra Popovich
|
| 260 |
|
|
|a California :
|b Lane Publishing ,
|c 1990
|
| 300 |
|
|
|a 96p. :
|b ill. ;
|c 27cm.
|
| 490 |
0 |
|
|a Sunset
|
| 650 |
0 |
0 |
|a Microwave cookery
|
| 650 |
0 |
0 |
|a Microwave ovens
|
| 700 |
1 |
|
|a Popovich, Sandra ,
|e illustrated
|
| 999 |
|
|
|a 032837
|b BUKU
|c PINJAMAN
|e PERPUSTAKAAN KOMUNITI PETALING JAYA
|
| 999 |
|
|
|a 032838
|b BUKU
|c PINJAMAN
|e PERPUSTAKAAN KOMUNITI PETALING JAYA
|